000 00694nam a2200289Ia 4500
005 20260324115835.0
008 008 260324s9999 xx 000 0 eng d
020 _a9780429255779
037 _aEBOOK
040 _aCRL
040 _beng
040 _cCRL
041 _2eng
041 _aeng
084 _qCRL
100 _aFrank Voehl; H. James Harrington
_91156076
245 0 _aChange Management
245 0 _bManage the Change or It Will Manage You
260 _bTaylor and Francis
260 _c2016
365 _a
365 _b290
856 _uhttp://www.taylorfrancis.com/books/9780429255779
942 _cEBOOK
999 _c1747386
_d1747386